Every NASCAR Xfinity Series Winner Ever - Statistics

General Stats
  • This quiz has been taken 35 times
  • The average score is 93 of 179
Answer Stats
Number of Wins Winning Seasons Driver % Correct
21 1982-1994 Dale Earnhardt
100%
24 1998-2016 Dale Earnhardt Jr.
100%
4* 2020 Harrison Burton
100%
2* 2021-2023 Jeb Burton
100%
27 1990-2007 Jeff Burton
100%
5 2006-2012 Kurt Busch
100%
102* 2004-2021 Kyle Busch
100%
15* 2014-2024 Kyle Larson
100%
4 1992-1993 Ward Burton
100%
1 1993 Bill Elliott
94%
6* 2014-2024 Chase Elliott
94%
47 2000-2018 Kevin Harvick
94%
2* 2018-2019 Ross Chastain
94%
9 2012-2018 Austin Dillon
89%
19* 2017-2024 Christopher Bell
89%
18 2006-2023 Denny Hamlin
89%
3* 2023-2024 Ryan Truex
89%
1 2014 Ty Dillon
89%
4* 2017 William Byron
89%
18 2013-2024 AJ Allmendinger
83%
13 2019-2021 Austin Cindric
83%
12* 2022-2025 Austin Hill
83%
39 2008-2018 Brad Keselowski
83%
38 2005-2012 Carl Edwards
83%
3 2023-2024 Chandler Smith
83%
30 2008-2018 Joey Logano
83%
9 1991-2001 Kenny Wallace
83%
49 1987-2011 Mark Martin
83%
13 2004-2006 Martin Truex Jr.
83%
4 1994-2004 Mike Wallace
83%
6 2012-2015 Regan Smith
83%
2* 2023-2024 Sammy Smith
83%
10 2017-2022 Tyler Reddick
83%
8* 2007-2025 Aric Almirola
78%
6* 2019-2025 Brandon Jones
78%
2 1996-1998 Buckshot Jones
78%
1 2021 Daniel Hemric
78%
1 2006 Dave Blaney
78%
9 2015-2017 Erik Jones
78%
1 2001 Jimmie Johnson
78%
27* 2010-2025 Justin Allgaier
78%
29 1998-2014 Matt Kenseth
78%
13 2020-2022 Noah Gragson
78%
8 2011-2012 Ricky Stenhouse Jr.
78%
7 2013-2018 Ryan Blaney
78%
12 2021-2023 Ty Gibbs
78%
1* 2017 Alex Bowman
72%
2 1984-1988 Bobby Allison
72%
3 2014-2015 Chris Buescher
72%
3 2016 Daniel Suarez
72%
13 1982-1989 Darrell Waltrip
72%
1 2012 James Buescher
72%
5 1992-2000 Jeff Gordon
72%
16 1992-2004 Joe Nemechek
72%
11 2018-2024 John Hunter Nemechek
72%
4 2020-2021 Justin Haley
72%
11 1988-2004 Michael Waltrip
72%
1 2004 Robby Gordon
72%
7* 2023-2024 Sam Mayer
72%
3* 2024 Shane van Gisbergen
72%
15 2017-2024 Cole Custer
67%
2* 2024-2025 Connor Zilisch
67%
2* 2024-2025 Jesse Love
67%
5 2021-2022 Josh Berry
67%
8* 2003-2014 Kasey Kahne
67%
3* 2023-2024 Riley Herbst
67%
11 2005-2013 Tony Stewart
67%
10 1991-2007 Bobby Labonte
61%
1 2021 Brandon Brown
61%
11 2018-2020 Chase Briscoe
61%
11 1986-1993 Chuck Brown
61%
9 1991-2005 David Green
61%
20 2001-2009 Greg Biffle
61%
8 2002-2010 Jamie McMurray
61%
16 1997-2002 Jeff Green
61%
7 2001-2005 Ryan Newman
61%
11 1985-1999 Terry Labonte
61%
1 2006 Casey Mears
56%
8 2005-2009 Clint Bowyer
56%
11 1986-1995 Dale Jarrett
56%
2* 2017-2022 Jeremy Clements
56%
1 2007 Juan Pablo Montoya
56%
2 2011-2013 Trevor Bayne
56%
5 1985-1986 Brett Bodine
50%
3 2003 Brian Vickers
50%
1 2006 David Gilliland
50%
13 1997-2016 Elliott Sadler
50%
6 1982-1989 Geoff Bodine
50%
2 1993-1994 Hermie Sadler
50%
2 2004-2009 Mike Bliss
50%
22 1982-1984 Sam Ard
50%
2 1990-2000 Sterling Marlin
50%
15 1991-2003 Todd Bodine
50%
1 1989 Bobby Hamilton
44%
5 2002-2003 Bobby Hamilton Jr.
44%
6 1995 Chad Little
44%
2 2009 David Ragan
44%
21 1982-1994 Harry Gant
44%
1 2019 Michael Annett
44%
1 2016 Michael McDowell
44%
1 1999 Mike Skinner
44%
3 2006-2015 Paul Menard
44%
15 1996-2001 Randy Lajoie
44%
2 2017-2018 Ryan Preece
44%
3 1997 Steve Park
44%
31 1982-1987 Jack Ingram
39%
9 1985-1991 Jimmy Hensley
39%
12 1989-2002 Jimmy Spencer
39%
4 2005-2011 Reed Sorenson
39%
1 1983 Ricky Rudd
39%
6 1988-1989 Rob Moroso
39%
2 2015-2017 Ryan Reed
39%
5 2011-2017 Sam Hornish Jr.
39%
4 2002-2003 Scott Riggs
39%
24 1982-1992 Tommy Houston
39%
1* 2010 Boris Said
33%
2 2014 Brendan Gaughan
33%
1 1982 David Pearson
33%
1 2007 David Reutimann
33%
2 1997-1998 Dick Trickle
33%
3 1991-1992 Ernie Irvan
33%
1 1996 Greg Sacks
33%
2 2001-2002 Hank Parker Jr.
33%
4 1996-2002 Jeff Purvis
33%
3 1994-1995 Johnny Benson
33%
3 2002-2005 Johnny Sauter
33%
1 2016 Justin Marks
33%
2 1989-1994 Ken Schrader
33%
15 1984-1995 Larry Pearson
33%
6 1995-2001 Mike McLaughlin
33%
15 1982-1988 Morgan Shepherd
33%
1* 2021 Myatt Snider
33%
9 1987-1990 Rick Mast
33%
4 1998-2008 Ron Fellows
33%
4 2000-2004 Ron Hornaday Jr.
33%
1 2018 Spencer Gallagher
33%
2 1999 Casey Atwood
28%
1 1994 Derrike Cope
28%
2 1994-1999 Elton Sawyer
28%
1 2002 Jack Sprague
28%
10 1995-2003 Jason Keller
28%
2 2004-2007 Jason Leffler
28%
5 2008-2014 Marcos Ambrose
28%
2 1982-1994 Phil Parsons
28%
6 2002-2008 Scott Wimmer
28%
11 1990-1996 Steve Grissom
28%
2 1985-1986 Tim Richmond
28%
22 1982-1990 Tommy Ellis
28%
2 1988-1989 Bobby Hillin Jr.
22%
2 1986-1991 Butch Miller
22%
2 1994 Dennis Setzer
22%
1 2004 Justin Labonte
22%
2 1987-1988 Mike Alexander
22%
1 1983 Neil Bonnett
22%
1 2012 Nelson Piquet Jr.
22%
4 1991-1994 Ricky Craven
22%
10 1989-1993 Robert Pressley
22%
1 1999 Andy Santerre
17%
1 1992 Bobby Dotter
17%
1 1987 Brad Teague
17%
1 1998 Ed Berrier
17%
1 1996 Jeff Fuller
17%
1 1982 Joe Ruttman
17%
2 1996-1998 Kevin Lepage
17%
2 1989 Rick Wilson
17%
2 1984 Ron Bouchard
17%
1 2007 Stephen Leicht
17%
4 1995-2000 Tim Fedewa
17%
1 1993 Tracy Leslie
17%
1 1997 Joe Bessey
11%
1 1987 Larry Pollard
11%
1 1989 Ronald Cooper
11%
1 1988 Dick McCabe
6%
1 1987 Jamie Aube
6%
3 1986-1990 L.D. Ottinger
6%
2 1985-1986 Ronnie Silver
6%
6 1982-1983 Butch Lindley
0%
2 1993-1995 Johnny Rumley
0%
1 1982 John Settlemyre
0%
No matching quizzes found
Score Distribution
Percent of People with Each Score
Percentile by Number Answered
Your Score History
You have not taken this quiz